That's What They All Say - Jack Harlow - Statistics

General Stats
  • This quiz has been taken 5 times
  • The average score is 11 of 15
Answer Stats
Song Plays Artists % Correct
21C/Delta 35,376,710 Jack Harlow
100%
Already Best Friends 226,327,603 Jack Harlow, Chris Brown
100%
Tyler Herro 624,591,852 Jack Harlow
100%
Way Out 274,457,217 Jack Harlow, Big Sean
100%
Whats Poppin 903,729,092 Jack Harlow
100%
Whats Poppin [Remix] - Bonus Track 800,318,668 Jack Harlow, DaBaby, Tory Lanez, Lil Wayne
100%
Rendezvous 30,049,032 Jack Harlow
75%
Route 66 71,426,521 Jack Harlow, EST Gee
75%
Baxter Avenue 12,056,489 Jack Harlow
50%
Creme 28,847,236 Jack Harlow
50%
Face Of My City 87,964,601 Jack Harlow, Lil Baby
50%
Keep It Light 27,205,727 Jack Harlow
50%
Same Guy 20,350,586 Jack Harlow, Adam Levine
50%
Funny Seeing You Here 18,113,460 Jack Harlow
25%
Luv Is Dro 90,064,736 Jack Harlow, Bryson Tiller, Static Major
25%
No matching quizzes found
Score Distribution
Percent of People with Each Score
Percentile by Number Answered
Your Score History
You have not taken this quiz